| 000 | 00591nam a22001577a 4500 | ||
|---|---|---|---|
| 003 | macl | ||
| 005 | 20221029124907.0 | ||
| 008 | 221029b |||||||| |||| 00| 0 eng d | ||
| 040 | _cmacl | ||
| 082 | _a020 | ||
| 100 |
_aशर्मा ,बी के _981496 |
||
| 245 | _aपुस्तकालय एवं सूचना विज्ञान M. Lib.iSc. ज्ञानदर्शिका Vol. 3 | ||
| 260 |
_aआगरा _bवाई .के. पब्लिशर्स _c2016 |
||
| 650 |
_aपुस्कालय विज्ञान _967716 |
||
| 942 |
_2ddc _cHIN |
||
| 999 |
_c65512 _d65512 |
||